Welcome to CU Library Online Public Access Catalogue (OPAC)

The unexamined life : (Record no. 7304)

MARC details
000 -LEADER
fixed length control field 00579nam a2200205 a 4500
001 - CONTROL NUMBER
control field 1042385
005 - DATE AND TIME OF LATEST TRANSACTION
control field 20250820123547.0
008 - FIXED-LENGTH DATA ELEMENTS--GENERAL INFORMATION
fixed length control field 890517s1988 gh 000 0 eng
020 ## - INTERNATIONAL STANDARD BOOK NUMBER
International Standard Book Number 9964301472
020 ## - INTERNATIONAL STANDARD BOOK NUMBER
International Standard Book Number 9789964301477
050 00 - LIBRARY OF CONGRESS CALL NUMBER
Classification number B5305
Item number .G94 1988
082 00 - DEWEY DECIMAL CLASSIFICATION NUMBER
Classification number 199/.6
Edition information 20
100 1# - MAIN ENTRY--PERSONAL NAME
Personal name Gyekye, Kwame.
245 14 - TITLE STATEMENT
Title The unexamined life :
Remainder of title philosophy and the African experience /
Statement of responsibility, etc. Kwame Gyekye.
260 ## - PUBLICATION, DISTRIBUTION, ETC.
Place of publication, distribution, etc. Accra :
Name of publisher, distributor, etc. Ghana Universities Press,
Date of publication, distribution, etc. 1988.
300 ## - PHYSICAL DESCRIPTION
Extent 36 p. ;
Dimensions 21 cm.
650 #0 - SUBJECT ADDED ENTRY--TOPICAL TERM
Topical term or geographic name entry element Philosophy, African.
650 #0 - SUBJECT ADDED ENTRY--TOPICAL TERM
Topical term or geographic name entry element Philosophy.
942 ## - ADDED ENTRY ELEMENTS (KOHA)
Source of classification or shelving scheme Library of Congress Classification
Koha item type Books
Suppress in OPAC No
999 ## -
-- 7304
-- 7304

No items available.

© 2023-2024 Copyright: Central University Libraries. All Rights Reserved | Created by: Mahone Tech Office